Statistics for Indochina Countries

Click here to take the quiz!

General Stats

  • This quiz has been taken 29,284 times
  • The average score is 6 of 6

Answer Stats

Country % Correct
Vietnam
97%
Laos
96%
Cambodia
95%
Thailand
95%
Myanmar
91%
Malaysia
84%

Score Distribution

Percentile by Number Answered

Percent of People with Each Score

Your Score History

You have not taken this quiz